|
|
|
|
| LEADER |
00693nam a22002051a 4500 |
| 001 |
c000079926 |
| 003 |
CARM |
| 005 |
00000000000000.0 |
| 008 |
870525s1965 enk 00011 eng d |
| 019 |
1 |
|
|a 5318883
|5 LACONCORD2021
|
| 035 |
|
|
|a (OCoLC)13416305
|5 LACONCORD2021
|
| 040 |
|
|
|a APLS
|c APLS
|
| 100 |
1 |
|
|a Bowman, Robert.
|
| 245 |
1 |
0 |
|a Run to the sea /
|c Robert Bowman.
|
| 260 |
|
|
|a London :
|b Longmans,
|c 1965.
|
| 300 |
|
|
|a 200 p.
|
| 852 |
8 |
|
|b CARM
|h A2:AB19A0
|i B02647
|p 0110690
|f BK
|
| 082 |
0 |
4 |
|a 823.914
|2 19
|
| 999 |
f |
f |
|i 81a15b4f-2f4a-52c4-ba35-05d564db8523
|s 4f58e4ef-2740-5dc1-9f72-33c774782985
|
| 952 |
f |
f |
|p Can circulate
|a CAVAL
|b CAVAL
|c CAVAL
|d CARM 1 Store
|e B02647
|f A2:AB19A0
|h Other scheme
|i book
|m 0110690
|